| 000 | 00582nam a2200181 a 4500 | ||
|---|---|---|---|
| 001 | 000044668 | ||
| 003 | OSt | ||
| 005 | 20240229073823.0 | ||
| 008 | 141215s2011 dr 000 0 spa d | ||
| 020 | _a9789945877212 | ||
| 040 |
_aDO-SdBNP _bspa _cBNPHU |
||
| 110 | 1 |
_aRepública Dominicana : _bSuprema Corte de Justicia. _97906 |
|
| 245 | 1 | 0 |
_aDía del Poder Judicial : _ba modo de resumen anual enero 2011 / _cJorge Subero Isa. |
| 260 |
_aSanto Domingo : _bPoder Judicial, _c2011. |
||
| 300 |
_a251 p. ; _c21 cm. |
||
| 700 | 1 |
_aSubero Isa, Jorge A., _d1947- _976863 |
|
| 942 |
_2ddc _cLBS1 |
||
| 999 |
_c44157 _d44157 |
||